Normal view
MARC view
Entry Personal Name
001 - CONTROL NUMBER
- control field: 8983
003 - CONTROL NUMBER IDENTIFIER
- control field: HDC
005 - DATE AND TIME OF LATEST TRANSACTION
- control field: 20230624073308.0
008 - FIXED-LENGTH DATA ELEMENTS
- fixed length control field: 210130|| aca||aabn | a|a d
040 ## - CATALOGING SOURCE
- Original cataloging agency: HDC
- Transcribing agency: HDC
100 ## - HEADING--PERSONAL NAME
- Personal name: Meera Murugesan
670 ## - SOURCE DATA FOUND
- Source citation: Work cat.: (HDC): Meera Murugesan, author, Like bees to honey /
